Bullying, ciberbullying y acoso con elementos sexuales desde la prevencin̤ a la reparacin̤ del daǫ /

Bibliographic Details
Main Author: Přez Ferrer, Ft̀ima
Other Authors: Přez Vallejo, Ana M®
Format: eBook
Language:Spanish
Published: Madrid: Dykinson, 2016
Subjects:
Online Access:Acceso restringido

MARC

LEADER 00000nam a22000007a 4500
005 20170305231949.0
007 cr|||| ||||
008 170305s2016 es |||||s|||| 00||0 spa d
020 |a 978-84-9085-947-6 
035 |a 14789 
040 |a vLex 
090 |c 6574  |d 6574 
100 1 |a Přez Ferrer, Ft̀ima 
245 1 0 |a Bullying, ciberbullying y acoso con elementos sexuales  |h [Recurso electrn̤ico] :  |b desde la prevencin̤ a la reparacin̤ del daǫ /  |c Ft̀ima Přez Ferrer, Ana M® Přez Vallejo 
256 |a Servicio en ln̕ea 
260 |a Madrid:  |b Dykinson,  |c 2016 
300 |a 1 recurso electrn̤ico 
506 1 |a Disponible solo en los productos indicados  |d vLex Global  |d vLex Global (Academic Edition, excluding Law Schools)  |d vLex Global (U.S. Academic Edition, Law Schools)  |d vLex Global (U.S. Academic Edition, excluding Law Schools)  |d vLex Global (Academic Edition, Law Schools) 
650 0 4 |a Derecho Penal  |z Espaą 
700 1 |a Přez Vallejo, Ana M® 
740 0 |a vLex Libros (Servicio en ln̕ea) 
856 4 0 |u http://vlex.com/source/bullying-ciberbullying-acoso-sexuales-14789  |z Acceso restringido 
942 |c BOOK 
999 0 |a Criminal Law